[Event "Nittenau-ch 14th"]
[Site "Nittenau"]
[Date "2014.09.07"]
[Round "4"]
[White "Paar, Johannes"]
[Black "Steinmueller, Guenther"]
[Result "0-1"]
[WhiteElo "1932"]
[BlackElo "2133"]
[PlyCount "94"]
[EventDate "2014.09.05"]
[EventType "swiss"]
[EventRounds "5"]
[EventCountry "GER"]
[SourceTitle "CBM 162 Extra"]
[Source "ChessBase"]
[SourceDate "2014.10.17"]
[SourceVersion "1"]
[SourceVersionDate "2014.10.17"]
[SourceQuality "1"]

1. Nf3 Nf6 2. c4 g6 3. g3 Bg7 4. Bg2 0-0 5. 0-0 c5 6. Nc3 Nc6 7. b3 d5 8. cxd5 Nxd5 9. Bb2 b6 10. d4 Nxc3 11. Bxc3 Bb7 12. e3 Rb8 13. Qd2 cxd4 14. exd4 e6 15. Rfd1 Ne7 16. Rac1 Nd5 17. Bb2 Qd6 18. Ne5 Rbc8 19. Nc4 Qb8 20. Bc3 Rfd8 21. Qg5 Bf6 22. Qg4 Bc6 23. Qf3 Bg7 24. Bb2 Rc7 25. Ne5 Rdc8 26. h4 Bb7 27. Qd3 Nb4 28. Qb1 Bxg2 29. Kxg2 Qb7+ 30. Kg1 Bh6 31. Rc4 Nd5 32. h5 Kg7 33. Qd3 b5 34. Rxc7 Qxc7 35. Ng4 Qc2 36. Qf3 Qxb2 37. Nxh6 Kxh6 38. Qxf7 Qe2 39. Rf1 gxh5 40. a4 bxa4 41. bxa4 a6 42. a5 Rc7 43. Qf8+ Kg6 44. Qe8+ Kg7 45. Qd8 h6 46. Qd6 Rf7 47. Qa3 h4 0-1

[Event "Steyr op"]
[Site "Steyr"]
[Date "2012.08.31"]
[Round "5"]
[White "Steinmueller, Guenther"]
[Black "Knoll, Hermann"]
[Result "1/2-1/2"]
[WhiteElo "2214"]
[BlackElo "2313"]
[PlyCount "79"]
[EventDate "2012.08.27"]
[EventType "swiss"]
[EventRounds "7"]
[EventCountry "AUT"]
[SourceTitle "CBM 150 Extra"]
[Source "ChessBase"]
[SourceDate "2012.10.19"]
[SourceVersion "1"]
[SourceVersionDate "2012.10.19"]
[SourceQuality "1"]

1. Nf3 Nf6 2. g3 b5 3. Bg2 Bb7 4. 0-0 c5 5. c4 bxc4 6. Qa4 Qb6 7. Na3 Bc6 8. Qxc4 d5 9. Qc2 Nbd7 10. d3 e6 11. Re1 Qb7 12. Nb1 Be7 13. Nbd2 0-0 14. b3 Rfd8 15. Bb2 a5 16. Rec1 a4 17. Nd4 a3 18. Nxc6 Qxc6 19. Bc3 Qb6 20. Nf3 d4 21. Be1 Nd5 22. Nd2 Rab8 23. Nc4 Qa6 24. Rd1 N7b6 25. Rac1 Bg5 26. Rb1 Nb4 27. Bxb4 cxb4 28. f4 Bf6 29. Nxb6 Qxb6 30. Rbc1 g5 31. Qc7 Qxc7 32. Rxc7 Rdc8 33. Rdc1 Rxc7 34. Rxc7 gxf4 35. gxf4 Rb5 36. Be4 Kg7 37. Kg2 h6 38. Kg3 Kf8 39. Kg2 Kg7 40. Kg3 1/2-1/2

[Event "Steyr op"]
[Site "Steyr"]
[Date "2012.08.30"]
[Round "4"]
[White "Nagl, Franz"]
[Black "Steinmueller, Guenther"]
[Result "0-1"]
[WhiteElo "2126"]
[BlackElo "2214"]
[PlyCount "80"]
[EventDate "2012.08.27"]
[EventType "swiss"]
[EventRounds "7"]
[EventCountry "AUT"]
[SourceTitle "CBM 150 Extra"]
[Source "ChessBase"]
[SourceDate "2012.10.19"]
[SourceVersion "1"]
[SourceVersionDate "2012.10.19"]
[SourceQuality "1"]

1. c4 Nf6 2. Nc3 c5 3. g3 Nc6 4. Bg2 g6 5. Nf3 Bg7 6. 0-0 0-0 7. d4 d6 8. d5 Na5 9. Qd3 a6 10. h3 Qc7 11. Bf4 Rb8 12. Nd2 b5 13. cxb5 c4 14. Qc2 axb5 15. Rac1 Ba6 16. b4 cxb3 17. axb3 Rfc8 18. Qa2 Nh5 19. Ncb1 Qxc1 20. Rxc1 Rxc1+ 21. Kh2 Nxf4 22. gxf4 b4 23. Qxa5 Bxe2 24. Qa7 Re8 25. Qe3 Bb5 26. Qb6 Bd3 27. Qxb4 Bxb1 28. Qb5 Rf8 29. Nxb1 Rxb1 30. Bf1 Bf6 31. Kg2 Rb2 32. Kf3 Ra8 33. Be2 Raa2 34. Bc4 Rxf2+ 35. Ke3 Rh2 36. Qb8+ Kg7 37. Qc8 h5 38. Ke4 Rac2 39. Qd7 Rc3 40. Bd3 Rxb3 0-1

[Event "Schwarzach op 27th"]
[Site "Schwarzach"]
[Date "2012.08.19"]
[Round "2"]
[White "Zaja, Ivan"]
[Black "Steinmueller, Guenther"]
[Result "1/2-1/2"]
[WhiteElo "2511"]
[BlackElo "2214"]
[PlyCount "137"]
[EventDate "2012.08.18"]
[EventType "swiss"]
[EventRounds "9"]
[EventCountry "AUT"]
[SourceTitle "CBM 150 Extra"]
[Source "ChessBase"]
[SourceDate "2012.10.19"]
[SourceVersion "1"]
[SourceVersionDate "2012.10.19"]
[SourceQuality "1"]

1. d4 Nf6 2. c4 e6 3. Nc3 d5 4. Bg5 Be7 5. cxd5 exd5 6. e3 0-0 7. Bd3 c6 8. Qc2 Nbd7 9. Nge2 Re8 10. 0-0 h6 11. Bh4 Ne4 12. Bxe7 Qxe7 13. Rae1 Ndf6 14. f3 Nxc3 15. Nxc3 Be6 16. a3 c5 17. dxc5 Qxc5 18. Nb5 Qxc2 19. Bxc2 Rec8 20. Bb3 Rc5 21. Nd4 Bd7 22. Rc1 Rac8 23. Rxc5 Rxc5 24. Kf2 h5 25. Kg3 Kf8 26. Kh4 Ke7 27. Rd1 a5 28. h3 a4 29. Bc2 Rc8 30. Bd3 g5+ 31. Kg3 h4+ 32. Kf2 Rc5 33. Ke2 Ne8 34. Rg1 Nd6 35. Kd2 b6 36. Rb1 Kd8 37. b3 axb3 38. Nxb3 Nc4+ 39. Bxc4 Rxc4 40. Nd4 Kc7 41. Rb4 Rxb4 42. axb4 Kd6 43. f4 g4 44. hxg4 Bxg4 45. Ke1 h3 46. gxh3 Bxh3 47. Kd2 Bg2 48. Ke2 Be4 49. Kf2 Bd3 50. Kg3 Ke7 51. Kf2 Kd6 52. Ke1 Be4 53. Kd2 Bg2 54. Nf5+ Ke6 55. Ng3 Bh3 56. Kc3 Kd6 57. Kd4 Bg2 58. Nf5+ Ke6 59. Ng7+ Kf6 60. Ne8+ Ke7 61. Nc7 Kd6 62. Nb5+ Kc6 63. Nc3 Kd6 64. b5 f6 65. Na2 Bf1 66. Nb4 Bg2 67. Nc6 Bf1 68. Na7 Bh3 69. Nc6 1/2-1/2

[Event "AUT-chT 1011"]
[Site "Austria"]
[Date "2010.11.20"]
[Round "2.6"]
[White "Steinmueller, Guenther"]
[Black "Halvax, Georg"]
[Result "0-1"]
[WhiteElo "2207"]
[BlackElo "2272"]
[PlyCount "102"]
[EventDate "2010.11.19"]
[EventType "team-tourn"]
[EventRounds "11"]
[EventCountry "AUT"]
[SourceTitle "EXT 2011"]
[Source "ChessBase"]
[SourceDate "2010.11.26"]
[SourceVersion "1"]
[SourceVersionDate "2010.11.26"]
[SourceQuality "1"]
[WhiteTeam "Poechlarn"]
[BlackTeam "Maria Saal"]
[WhiteTeamCountry "AUT"]
[BlackTeamCountry "AUT"]

1. d4 d5 2. Nf3 Nf6 3. c4 e6 4. Nc3 c6 5. cxd5 exd5 6. Qc2 Be7 7. Bg5 Nbd7 8. e3 0-0 9. Bd3 Re8 10. 0-0 Nf8 11. Rab1 a5 12. a3 Ng6 13. b4 axb4 14. axb4 Ne4 15. Bxe7 Qxe7 16. Rfe1 Bf5 17. Nd2 Nh4 18. Nf1 Ra3 19. Bxe4 Rxc3 20. Qxc3 Bxe4 21. f3 Qg5 22. Ng3 Bxb1 23. Rxb1 Rxe3 24. Ra1 g6 25. Qd2 h6 26. Ra7 Re7 27. Qxg5 hxg5 28. Kf2 Kf8 29. Ra8+ Kg7 30. Ra7 Kf6 31. b5 cxb5 32. Ra5 Rc7 33. Rxb5 Rc2+ 34. Ne2 Nxg2 35. Kxg2 Rxe2+ 36. Kg3 Rd2 37. Rb6+ Kg7 38. Rb4 b5 39. Rxb5 Rxd4 40. Rb6 f5 41. Rb7+ Kh6 42. Rb8 g4 43. fxg4 Rxg4+ 44. Kf3 Kg5 45. Rd8 Rd4 46. Rd6 Rd3+ 47. Kg2 Kh5 48. Rf6 d4 49. Kf2 Rd1 50. Kg2 d3 51. Rd6 d2 0-1

[Event "Niederoesterreich Landesliga 0607"]
[Site "Austria"]
[Date "2006.10.01"]
[Round "2"]
[White "Steinmueller, Guenther"]
[Black "Wiedner, Robert"]
[Result "1/2-1/2"]
[WhiteElo "2151"]
[BlackElo "2143"]
[PlyCount "114"]
[EventDate "2006.09.17"]
[EventType "team-tourn"]
[EventRounds "11"]
[EventCountry "AUT"]
[SourceTitle "EXT 2022"]
[Source "ChessBase"]
[SourceDate "2021.10.06"]
[SourceVersion "1"]
[SourceVersionDate "2021.10.06"]
[SourceQuality "1"]

1. d4 Nf6 2. Nf3 b5 3. g3 Bb7 4. Bg2 e6 5. 0-0 Be7 6. c3 0-0 7. Qb3 a6 8. a4 Bd5 9. Qc2 c5 10. axb5 axb5 11. Rxa8 Bxa8 12. Bg5 Na6 13. Nbd2 h6 14. Bxf6 Bxf6 15. Ra1 Qb6 16. Qb3 Rb8 17. Qa3 Bb7 18. Ne5 Bxe5 19. Bxb7 Qxb7 20. dxe5 Ra8 21. Qb3 c4 22. Qc2 Nc5 23. Rxa8+ Qxa8 24. b4 cxb3 25. Nxb3 Qa4 26. Nd4 Qxc2 27. Nxc2 Ne4 28. Kf1 Nxc3 29. Ke1 Kf8 30. Kd2 Ne4+ 31. Ke3 d5 32. f3 Nc5 33. Kd2 g5 34. Kc3 Na6 35. Nb4 Nb8 36. Kd4 Ke7 37. Kc5 Nd7+ 38. Kxb5 Nxe5 39. Kc5 Kd7 40. Nc2 Nc6 41. Ne3 Ne7 42. Ng4 Ng8 43. Ne5+ Ke7 44. Nc6+ Kf6 45. Kd6 h5 46. Ne5 Nh6 47. g4 hxg4 48. fxg4 Ng8 49. h3 Kg7 50. Nf3 Kg6 51. Ne5+ Kf6 52. Nc6 Kg7 53. Nd4 Nf6 54. Nf3 Ne4+ 55. Ke7 Nc3 56. e3 Ne4 57. Ne5 f6 1/2-1/2

[Event "Niederoesterreich Landesliga 0506"]
[Site "Austria"]
[Date "2006.02.19"]
[Round "10"]
[White "Braun, Karl Heinz"]
[Black "Steinmueller, Guenther"]
[Result "1/2-1/2"]
[WhiteElo "2103"]
[BlackElo "2047"]
[PlyCount "51"]
[EventDate "2005.09.18"]
[EventType "team-tourn"]
[EventRounds "13"]
[EventCountry "AUT"]
[SourceTitle "EXT 2022"]
[Source "ChessBase"]
[SourceDate "2021.10.06"]
[SourceVersion "1"]
[SourceVersionDate "2021.10.06"]
[SourceQuality "1"]

1. e4 e5 2. Nf3 Nc6 3. Bc4 Bc5 4. 0-0 Nf6 5. d3 h6 6. c3 d6 7. b4 Bb6 8. a4 a6 9. h3 0-0 10. Qb3 Ne7 11. Na3 c6 12. Qb1 Ng6 13. Bb3 Nh5 14. Be3 Bc7 15. Qc1 Qf6 16. Qd1 Ngf4 17. Kh2 d5 18. Ng1 Qg6 19. g3 Rd8 20. Qf3 Nxd3 21. exd5 e4 22. Qg2 cxd5 23. Bd1 f5 24. Bxh5 Qxh5 25. f4 exf3 26. Qxf3 1/2-1/2

[Event "Niederoesterreich Landesliga 0506"]
[Site "Austria"]
[Date "2005.12.18"]
[Round "8"]
[White "Steinmueller, Guenther"]
[Black "Strobel, Ferdinand"]
[Result "1/2-1/2"]
[WhiteElo "2047"]
[BlackElo "2004"]
[PlyCount "48"]
[EventDate "2005.09.18"]
[EventType "team-tourn"]
[EventRounds "13"]
[EventCountry "AUT"]
[SourceTitle "EXT 2022"]
[Source "ChessBase"]
[SourceDate "2021.10.06"]
[SourceVersion "1"]
[SourceVersionDate "2021.10.06"]
[SourceQuality "1"]

1. d4 f5 2. Nc3 Nf6 3. Bg5 g6 4. Bxf6 exf6 5. e3 d5 6. Qf3 Be6 7. Bd3 c6 8. Nge2 Bd6 9. h3 Qe7 10. h4 h5 11. Nf4 Bf7 12. g3 Nd7 13. Kf1 Kf8 14. Kg2 Kg7 15. Kh2 a5 16. a4 Nb6 17. b3 Rae8 18. Rhd1 Kh6 19. Nb1 Reg8 20. Ng2 Bc7 21. Nd2 Nc8 22. c4 Nd6 23. c5 Ne4 24. Nf1 g5 1/2-1/2

[Event "Niederoesterreich Landesliga 0506"]
[Site "Austria"]
[Date "2005.11.27"]
[Round "6"]
[White "Steinmueller, Guenther"]
[Black "Bechmann, Gerhard"]
[Result "1-0"]
[WhiteElo "2047"]
[BlackElo "2040"]
[PlyCount "61"]
[EventDate "2005.09.18"]
[EventType "team-tourn"]
[EventRounds "13"]
[EventCountry "AUT"]
[SourceTitle "EXT 2022"]
[Source "ChessBase"]
[SourceDate "2021.10.06"]
[SourceVersion "1"]
[SourceVersionDate "2021.10.06"]
[SourceQuality "1"]

1. d4 f5 2. g3 Nf6 3. Bg2 c6 4. c4 g6 5. Nc3 Bg7 6. Nf3 d6 7. 0-0 0-0 8. Qc2 Na6 9. b3 Bd7 10. Bb2 b5 11. cxb5 cxb5 12. b4 e6 13. Qb3 Rb8 14. Rac1 Qe7 15. a3 Kh8 16. Nb1 Rb6 17. Nfd2 e5 18. dxe5 dxe5 19. Qc3 e4 20. Nb3 Nh5 21. Qd2 Be6 22. Bxg7+ Nxg7 23. Na5 Rd6 24. Qc3 Rc8 25. Qe5 Rxc1 26. Rxc1 Rd5 27. Rc8+ Rd8 28. Nc6 Rxc8 29. Nxe7 Rc1+ 30. Bf1 Rxb1 31. Qf6 1-0

[Event "Niederoesterreich Landesliga 0405"]
[Site "Austria"]
[Date "2005.04.17"]
[Round "11"]
[White "Steinmueller, Guenther"]
[Black "Roehrl, Karl"]
[Result "0-1"]
[WhiteElo "2053"]
[BlackElo "2225"]
[PlyCount "60"]
[EventDate "2004.09.19"]
[EventType "team-tourn"]
[EventRounds "11"]
[EventCountry "AUT"]
[SourceTitle "EXT 2022"]
[Source "ChessBase"]
[SourceDate "2021.10.06"]
[SourceVersion "1"]
[SourceVersionDate "2021.10.06"]
[SourceQuality "1"]

1. Nf3 g6 2. g3 Bg7 3. Bg2 d6 4. d4 f5 5. 0-0 Nf6 6. c4 0-0 7. Nc3 c6 8. Qc2 Qe8 9. b3 Na6 10. Bb2 Nc7 11. Rad1 Bd7 12. Rfe1 Rd8 13. e4 fxe4 14. Nxe4 Bf5 15. Nh4 Nxe4 16. Bxe4 Bxe4 17. Qxe4 Qf7 18. Re2 Rde8 19. Rde1 e6 20. Ng2 Qd7 21. Qg4 Qf7 22. Ba3 Rd8 23. Nf4 Bxd4 24. Rxe6 Nxe6 25. Rxe6 Be5 26. Nd3 Qf5 27. Qxf5 Rxf5 28. Nxe5 Rxe5 29. Rxd6 Rxd6 30. Bxd6 Re2 0-1

[Event "Niederoesterreich Landesliga 0405"]
[Site "Austria"]
[Date "2004.10.31"]
[Round "4"]
[White "Steinmueller, Guenther"]
[Black "Dueckstein, Andreas"]
[Result "1/2-1/2"]
[WhiteElo "2053"]
[BlackElo "2288"]
[PlyCount "63"]
[EventDate "2004.09.19"]
[EventType "team-tourn"]
[EventRounds "11"]
[EventCountry "AUT"]
[SourceTitle "EXT 2022"]
[Source "ChessBase"]
[SourceDate "2021.10.06"]
[SourceVersion "1"]
[SourceVersionDate "2021.10.06"]
[SourceQuality "1"]

1. e4 e5 2. Nf3 Nc6 3. Bb5 Nf6 4. d3 Bc5 5. 0-0 Qe7 6. c3 0-0 7. a4 a6 8. Bc4 d6 9. b4 Ba7 10. Be3 Be6 11. Bxe6 fxe6 12. Nbd2 h6 13. Nc4 Bxe3 14. fxe3 b5 15. Ncd2 Qd7 16. Qc2 Ne7 17. d4 Rfc8 18. dxe5 Ng4 19. Qd3 Ng6 20. exd6 cxd6 21. axb5 axb5 22. Nd4 Rxa1 23. Rxa1 N6e5 24. Qxb5 Rxc3 25. Qxd7 Nxd7 26. Nxe6 Rxe3 27. h3 Ngf6 28. Kf2 Rd3 29. Ke2 Rg3 30. Kf2 Rd3 31. Ke2 Rg3 32. Kf2 1/2-1/2

[Event "Wattens op 13th"]
[Site "Wattens"]
[Date "1998.??.??"]
[Round "7"]
[White "Doskocil, Klaus"]
[Black "Steinmueller, Guenther"]
[Result "1-0"]
[WhiteElo "2180"]
[BlackElo "1985"]
[PlyCount "37"]
[EventDate "1998.??.??"]
[EventType "swiss"]
[EventRounds "9"]
[EventCountry "AUT"]
[SourceTitle "EXT 2000"]
[Source "ChessBase"]
[SourceDate "1999.11.16"]
[SourceVersion "1"]
[SourceVersionDate "1999.11.16"]
[SourceQuality "1"]

1. e4 d5 2. exd5 Qxd5 3. Nc3 Qa5 4. d4 c6 5. Bc4 Nf6 6. Nf3 Bf5 7. 0-0 e6 8. Re1 Be7 9. Ne5 0-0 10. g4 Bg6 11. h4 b5 12. Bb3 b4 13. Na4 Nd5 14. h5 f6 15. Nxg6 hxg6 16. hxg6 f5 17. g5 f4 18. Qh5 Nf6 19. Bxe6+ 1-0

[Event "Wattens op 13th"]
[Site "Wattens"]
[Date "1998.??.??"]
[Round "3"]
[White "Kuttnig, Roland"]
[Black "Steinmueller, Guenther"]
[Result "0-1"]
[WhiteElo "1680"]
[BlackElo "1985"]
[PlyCount "56"]
[EventDate "1998.??.??"]
[EventType "swiss"]
[EventRounds "9"]
[EventCountry "AUT"]
[SourceTitle "EXT 2000"]
[Source "ChessBase"]
[SourceDate "1999.11.16"]
[SourceVersion "1"]
[SourceVersionDate "1999.11.16"]
[SourceQuality "1"]

1. Nf3 Nf6 2. c3 c5 3. d3 Nc6 4. Bg5 e6 5. g3 Be7 6. Bg2 Qc7 7. Qc2 b6 8. Nbd2 Bb7 9. e4 h6 10. Bxf6 Bxf6 11. 0-0 d6 12. Rad1 0-0 13. Ne1 b5 14. f4 b4 15. Ndf3 Rac8 16. Rf2 Ba6 17. Qa4 Qb6 18. Bf1 bxc3 19. e5 dxe5 20. fxe5 Nxe5 21. Nxe5 Bxe5 22. d4 Bxf1 23. dxe5 cxb2 24. Rb1 Qa6 25. Qe4 Bc4 26. Rfxb2 Bd5 27. Qe3 Qc4 28. Rd1 Qe4 0-1